| 000 | 00543nam a22002177a 4500 | ||
|---|---|---|---|
| 003 | UA-OsUOA | ||
| 001 | 74143 | ||
| 007 | ta | ||
| 008 | 20110328b un ||||| |||| 00| 0 ukr d | ||
| 100 | _aАнтоненко П. | ||
| 090 |
_a32 _bА72 |
||
| 942 | _cSA | ||
| 040 |
_aUA-OsUOA _bukr _cUA-OsUOA _dUA-OsUOA |
||
| 245 | _aЛевко Лук"яненеко: "Не продавати честь і гідність!" | ||
| 300 | _aС.5 | ||
| 955 | _a0 | ||
| 041 | _aukr | ||
| 080 | _a32 | ||
| 773 | 0 | _w74139 | |
| 650 | 7 |
_a32 Політика _2UDC |
|
| 999 |
_c360432 _d360432 |
||